مكتبة جامعة عجلون الوطنية

فهرس بحث المكتبة

Normal view MARC view
  • العقود -- القانون التجاري

Entry Topical Term

Number of records used in: 1

001 - CONTROL NUMBER

  • control field: 50744

003 - CONTROL NUMBER IDENTIFIER

  • control field: JO-AjAnu

005 - DATE AND TIME OF LATEST TRANSACTION

  • control field: 20230606082343.0

008 - FIXED-LENGTH DATA ELEMENTS

  • fixed length control field: 230606|| aca||aabn | a|a d

040 ## - CATALOGING SOURCE

  • Original cataloging agency: JO-AjAnu
  • Transcribing agency: JO-AjAnu

150 ## - HEADING--TOPICAL TERM

  • Topical term or geographic name entry element: العقود -- القانون التجاري

670 ## - SOURCE DATA FOUND

  • Source citation: Work cat.: (JO-AjAnu)25939: المقدادي، عادل علي , author 50743, القانون التجاري : العقود التجارية وفقا لأحكام قانون التجارة العماني